Normal view
MARC view
Entry Personal Name
001 - CONTROL NUMBER
- control field: 7901
003 - CONTROL NUMBER IDENTIFIER
- control field: BD-RjUL
005 - DATE AND TIME OF LATEST TRANSACTION
- control field: 20230618113931.0
008 - FIXED-LENGTH DATA ELEMENTS
- fixed length control field: 230618|| aca||aabn | a|a d
040 ## - CATALOGING SOURCE
- Original cataloging agency: BD-RjUL
- Transcribing agency: BD-RjUL
100 ## - HEADING--PERSONAL NAME
- Personal name: মিত্র, দিলীপকুমার
670 ## - SOURCE DATA FOUND
- Source citation: Work cat.: (BD-RjUL)81524: বন্দ্যোপাধ্যায়, অসিতকুমার 571, বাংলা সাহিত্যের সম্পূর্ণ ইতিবৃত্ত :, ২০১৬-২০১৭ [পুনর্মুদ্রণ ২০২১]